• 首页
  • 本馆介绍
  • 公告通知
  • 最新文献
  • 馆藏检索
  • 电子资源
  • 读者荐购
  • 参考咨询
  • CALIS
  • 我的图书馆
  • 登录
  • 详细信息显示
  • 放入我的书架
  • 预约/预借图书
  • 作者相关作品
  • 分类相关作品
  • 丛书相关作品
  • 出版社相关作品

书目信息

  • 表格格式
  • 工作单格式
  • 卡片格式
题名:
智慧图书馆阅读推广服务创新策略研究
    
 
作者: 郭雪山 著
分册:  
出版信息: 沈阳   辽宁人民出版社  2025.02
页数: 164页
开本: 24cm
丛书名:
单 册:
中图分类: G250.76
科图分类:
主题词: 智慧图书馆--图书馆服务--研究
电子资源:
ISBN: 978-7-205-11393-3
 
 
 
 
 
000 01157nam0 2200229 450
001 013539485
005 20251022190135.01
010    @a978-7-205-11393-3@dCNY56.00
100    @a20250404d2025 em y0chiy0120 ea
101 0  @achi
102    @aCN@b210000
105    @ay z 000yy
106    @ar
200 1  @a智慧图书馆阅读推广服务创新策略研究@9zhi hui tu shu guan yue du tui guang fu wu chuang xin ce lve yan jiu@f郭雪山著
210    @a沈阳@c辽宁人民出版社@d2025.02
215    @a164页@d24cm
330    @a本书深入探讨了智慧图书馆阅读推广服务的专著。书中对智慧图书馆阅读推广服务的环境进行了分析,包括图书馆内外部环境、读者需求与行为、竞争环境与合作机会等。在此基础上,提出了个性化推荐服务模式、智能化导读服务模式、社交化互动服务模式等创新服务模式。同时也对智慧图书馆阅读推广服务的内容进行了优化,并探讨了智慧图书馆阅读推广服务的技术应用。书中还关注了智慧图书馆阅读推广服务的政策与法规环境,分析了我国图书馆阅读推广服务的政策法规体系,并借鉴国际经验提出了相关建议和展望。
606 0  @a智慧图书馆@x图书馆服务@x研究
690    @aG250.76@v5
701  0 @a郭雪山@9guo xue shan@4著
801  0 @aCN@c20250910
905    @a河南城建学院图书馆@dG250.76@eG856@ZG856@f1
    
    智慧图书馆阅读推广服务创新策略研究/郭雪山著.-沈阳:辽宁人民出版社,2025.02
    164页;24cm
    
    
    ISBN 978-7-205-11393-3:CNY56.00
    本书深入探讨了智慧图书馆阅读推广服务的专著。书中对智慧图书馆阅读推广服务的环境进行了分析,包括图书馆内外部环境、读者需求与行为、竞争环境与合作机会等。在此基础上,提出了个性化推荐服务模式、智能化导读服务模式、社交化互动服务模式等创新服务模式。同时也对智慧图书馆阅读推广服务的内容进行了优化,并探讨了智慧图书馆阅读推广服务的技术应用。书中还关注了智慧图书馆阅读推广服务的政策与法规环境,分析了我国图书馆阅读推广服务的政策法规体系,并借鉴国际经验提出了相关建议和展望。
●
相关链接 在E读中查询图书 在当当中查询图书 在豆瓣中查询图书


正题名:智慧图书馆阅读推广服务创新策略研究     索取号:G250.76/G856         预约/预借

序号 登录号 条形码 馆藏地/架位号 状态 备注
1 1633999   216339996   社科库409/409社科库 59排1列5层/ [索取号:G250.76/G856] 在馆    
河南城建学院图书馆 欢迎您!
大连网信软件有限公司© 版权所有